000 00304nam a2200133 i 4500
001 bg
245 0 _aPrzeróbka plastyczna :
_bćwiczenia laboratoryjne.
250 _aWyd.3.
260 _aKraków,
_c1978.
040 _cBPK
041 _apol
942 _cKS
008 s pl f |000 0 pol
999 _c17782
_d17782
856 _uhttp://koha.tu.koszalin.pl/cgi-bin/koha/opac-detail.pl?biblionumber=17782
_yKatalog online BPK